Central Library OPAC University of Rajshahi

Classes in contemporary capitalism / (Record no. 51982)

MARC details
000 -LEADER
fixed length control field 00681nam a2200229 a 4500
001 - CONTROL NUMBER
control field 51982
003 - CONTROL NUMBER IDENTIFIER
rucl marc code BD-RjUL
005 - DATE AND TIME OF LATEST TRANSACTION
control field 20211209075734.0
008 - FIXED-LENGTH DATA ELEMENTS--GENERAL INFORMATION
fixed length control field 160905s1978 enk 000 0 eng d
020 ## - INTERNATIONAL STANDARD BOOK NUMBER
International Standard Book Number 0860917029
035 ## - SYSTEM CONTROL NUMBER
System control number (BD-RjUL) 52102
040 ## - CATALOGING SOURCE
Original cataloging agency EXW
Transcribing agency EXW
Modifying agency OCL
-- TXH
-- BD-RjUL
Language of cataloging eng
041 1# - LANGUAGE CODE
Language code of text/sound track or separate title engfre
082 ## - DEWEY DECIMAL CLASSIFICATION NUMBER
Edition number 23
Classification number 305.5
Author mark and year POC 1978
100 1# - MAIN ENTRY--PERSONAL NAME
Personal name Poulantzas, Nicos
9 (RLIN) 155451
245 10 - TITLE STATEMENT
Title Classes in contemporary capitalism /
Statement of responsibility, etc. Nicos Poulantzas ; translated by David Fernbach.
260 ## - PUBLICATION, DISTRIBUTION, ETC. (IMPRINT)
Place of publication, distribution, etc. London :
Name of publisher, distributor, etc. Verso,
Date of publication, distribution, etc. 1978.
300 ## - PHYSICAL DESCRIPTION
Pagination 336 p. ;
Size 21 cm.
650 #0 - SUBJECT ADDED ENTRY--TOPICAL TERM
Topical term or geographic name as entry element Social classes.
9 (RLIN) 155452
700 ## - ADDED ENTRY--PERSONAL NAME
Personal name translated by Fernbach, David
942 ## - ADDED ENTRY ELEMENTS (KOHA)
Source of classification or shelving scheme Dewey Decimal Classification
Koha item type Books
Holdings
Lost status Source of classification or shelving scheme Damaged status Not for loan Collection code Permanent Location Current Location Shelving location Date acquired Source of acquisition Cost, normal purchase price Total Checkouts Full call number Date last seen Copy number Koha item type
  Dewey Decimal Classification     Non-fiction Central Library, University of Rajshahi Central Library, University of Rajshahi   22/03/1980 Heffer 3.75   305.5 POC 1978 05/09/2016 C-2 Books